Europejskie kraje , które nie mają wyjśćia do morza - Statystyki

Ogólne statystyki
  • Ten quiz został rozwiązany 168 razy
  • Średni wynik to 13 z 15
Statystyki odpowiedzi
Kraje % Poprawnych
Czechy
96%
Austria
94%
Słowacja
94%
Watykan
91%
Węgry
89%
Andora
88%
San Marino
86%
Szwajcaria
85%
Serbia
83%
Kosowo
79%
Liechtenstein
79%
Macedonia Północna
79%
Luksemburg
77%
Białoruś
76%
Mołdawia
75%
Nie znaleziono quizów pasujących do podanych kryteriów
Rozkład punktacji
Procent ludzi z każdym wynikiem
Percentyl według liczby udzielonych odpowiedzi
Twoja historia wyników
Nie rozwiązałeś tego quizu